Pays finissant par la lettre R - Statistiques

Statistiques générales
  • Ce quiz a été pris 2 488 fois
    1 075 depuis la dernière actualisation
  • Le résultat moyen est 4 sur 6
Statistiques - réponses
Continent Pays % Correct
Amérique du Sud Equateur
89%
Afrique Niger
67%
Asie Qatar
62%
Amérique du Nord Salvador
59%
Afrique Madagascar
48%
Asie Singapour
43%
Aucun quiz correspondant
Distribution des résultats
% des personnes avec chaque résultat
Percentile par nombre de réponses
Votre historique - résultats
Vous n’avez pas pris ce quiz depuis la dernière actualisation